01177cam a2200265 a 450000100100000000500170001000800410002702000150006804000180008304100380010108200170013910000320015624000490018824500980023726001020033530000280043749000430046550400690050853400690057765100410064683000550068791000340074295201200077699900150089600000660920200929153947.0060215s2005 rm a b 001 0 eng  a9737784014 aDO-SdBNPcDLC17aenghrum2Código de idioma MARC a943.9bM181r1 aMadgearu, Alexandru.91832810aRomanii in opera Notarului Anonim.lEnglish.14aThe Romanians in the Anonymous "Gesta Hungarorum" :btruth and fiction /cAlexandru Madgearu. aCluj-Napoca, Rumanía :bCenter for Transylvanian Studies :bRomanian Cultural Institute,c2005. a218 p. :bil. ;c21 cm.1 aBibliotheca rerum Transsilvanivno. 34 aIncluye referencias bibliográficas (p. [191] -203) e índice. aTítulo original en Rumano:tRomanii in opera Notarului Anonim. 4aHungríaxHistoriay896-1301918329 0aBibliotheca rerum Transsilvaniae ;vno. 34.918330 aCatalogación por copia / LC 001052708MOaGRbGRcCTd2009-09-01iLF1l0o943.9 M181rp6609-10r2020-06-25w2020-06-25y2ZPréstamo interno c6399d6399